000 01372nam a22002897a 4500
003 OSt
005 20230516101929.0
008 230516b |||||||| |||| 00| 0 eng d
040 _cLado V
082 _2708
_aK82f
100 _9826
_aKontova, Helena
_eeditora
245 _aFlashArt/
260 _aAustralia
_aAustria
_aBelgica
_aCanada
_aFrancia
_aAlemania
_aGran Bretaña
_aHolanda
_aItalia
_aEspaña
_aIrlanda
_bGEA POLITI
_c2002
300 _a144p.
_c20.5x27.5cm
490 _a224
_vXXXIV
_x0394-1493
505 _aFlash Art News
_tManifesta IV At the Galleries Mirroring Evil Lonon Citygroup Prize The song of the Pirate World's Smallest Museum New York Cup Up Group Shows Aperto Helsinki & Beyond
505 _aFeatures
_tPlay Time Swetlana Heger Kai Althoff Possible Works Cultural Territories City of Open Spaces Return of the Surrealism Focus Germany THe New Folk
505 _aGlobal Art
_rJohannes Kahrs
505 _aOuvertures
_rTino Sehgal
505 _aSpotlights
_tXXV Sao Paulo Bieñal
505 _aFlash Art Reviews
650 _2Tesauro de Arte & Arquitectura
_aCATALOGO
650 _2Tesauro de Arte & Arquitectura
_aREVISTA
650 _2Tesauro de Arte & Arquitectura
_aARTE INTERNACIONAL
650 _2Tesauro de Arte & Arquitectura
_aCRITICA
942 _2ddc
_c1
_h708
_iK82f
_n0
999 _c3563
_d3563